[Event "13. Bayer Open"]
[Site "Leverkusen"]
[Date "2015.03.23"]
[Round "7.13"]
[White "Evers, Leo"]
[Black "Kronseder, Michael"]
[Result "1-0"]
[WhiteElo "1975"]
[BlackElo "1526"]
[PlyCount "29"]
[EventDate "2015.??.??"]
[WhiteTeam "SG Porz"]
[BlackTeam "SV Hürth-Berrenrath"]

1. d4 c5 2. d5 Nf6 3. c4 b5 4. cxb5 a6 5. f3 axb5 6. e4 Qa5+ 7. Bd2 b4 8. Na3
Ba6 9. Nc4 Qc7 10. Nh3 e6 11. Bf4 Qb7 12. dxe6 Bxc4 13. exd7+ Nbxd7 14. Bxc4
O-O-O 15. Qe2 1-0

[Event "13. Bayer Open"]
[Site "Leverkusen"]
[Date "2015.03.23"]
[Round "7.14"]
[White "Werbeck, Torsten"]
[Black "Hennig, Edgar"]
[Result "1-0"]
[WhiteElo "2098"]
[BlackElo "1901"]
[PlyCount "85"]
[EventDate "2015.??.??"]
[WhiteTeam "Bahn-SC Wuppertal"]
[BlackTeam "Satranç Club"]

1. d4 d5 2. Nf3 Nf6 3. c4 c6 4. e3 Bf5 5. Nc3 e6 6. Be2 Nbd7 7. Nh4 Bg6 8. a3
Bd6 9. h3 Ne4 10. Nxg6 Nxc3 11. bxc3 hxg6 12. Rb1 Rb8 13. Qb3 O-O 14. O-O Re8
15. Bf3 dxc4 16. Qxc4 e5 17. e4 Qe7 18. a4 c5 19. d5 Nb6 20. Qa2 Nc8 21. c4 Bc7
22. Bd2 Nd6 23. Rfe1 b6 24. Bc3 Qd7 25. Bg4 Qd8 26. g3 g5 27. Kg2 g6 28. Re2 f6
29. Be6+ Rxe6 30. dxe6 Qe7 31. Rd1 Qxe6 32. Rd5 Kf7 33. g4 Rh8 34. Re1 Rh4 35.
Qe2 Ke7 36. a5 bxa5 37. Rxc5 Bb6 38. Rd5 Qc8 39. Bxa5 Bxa5 40. Rxa5 Qxc4 41.
Rxa7+ Ke6 42. Qxc4+ Nxc4 43. Ra6+ 1-0

[Event "13. Bayer Open"]
[Site "Leverkusen"]
[Date "2015.03.23"]
[Round "7.15"]
[White "Wirtz, Uwe"]
[Black "Schwark, Mario"]
[Result "0-1"]
[WhiteElo "1825"]
[BlackElo "1816"]
[PlyCount "60"]
[EventDate "2015.??.??"]
[WhiteTeam "Königsspringer Leverkusen"]
[BlackTeam "SG Kalker/Deutzer"]

1. e4 e6 2. d4 d5 3. e5 c5 4. c3 Nc6 5. Nf3 Nge7 6. Na3 cxd4 7. cxd4 Nf5 8. Nc2
Bd7 9. Bd3 g6 10. O-O Qb6 11. Be2 Bg7 12. g4 Nfe7 13. b3 f6 14. exf6 Bxf6 15.
Be3 Qc7 16. Rc1 Qd6 17. Re1 O-O 18. Qd2 e5 19. dxe5 Nxe5 20. Bf4 N7c6 21. h3
Bg7 22. Nxe5 Bxe5 23. Bxe5 Nxe5 24. Ne3 Bc6 25. Rcd1 Rad8 26. Rf1 Rf3 27. Kg2
d4 28. Nc4 Nxc4 29. Bxc4+ Kg7 30. Qa5 Rf5+ 0-1

[Event "13. Bayer Open"]
[Site "Leverkusen"]
[Date "2015.03.23"]
[Round "7.16"]
[White "Erdmann, Kristian"]
[Black "Bießner, Eberhard"]
[Result "1-0"]
[WhiteElo "1966"]
[BlackElo "1760"]
[PlyCount "73"]
[EventDate "2015.??.??"]
[WhiteTeam "Königsspringer Leverkusen"]
[BlackTeam "Rheydter SV"]

1. e4 e5 2. Nf3 Nf6 3. Nc3 d6 4. Bc4 Bg4 5. h3 Bh5 6. d3 Nc6 7. Be3 Na5 8. Bb3
Nxb3 9. axb3 a6 10. O-O Be7 11. Kh2 Qd7 12. Qd2 h6 13. d4 Bxf3 14. gxf3 O-O-O
15. d5 Nh5 16. Qe2 c5 17. dxc6 Qxc6 18. Nd5 Kd7 19. Ra4 b5 20. Nb4 Qc8 21. Rxa6
Ke8 22. Qxb5+ Kf8 23. Nc6 Re8 24. Nxe7 Kxe7 25. Ra7+ Kf6 26. Rd1 Rd8 27. Qd5
Rhf8 28. Qxd6+ Rxd6 29. Rxd6+ Qe6 30. Rxe6+ Kxe6 31. Ra6+ Kd7 32. c4 Rb8 33.
Rb6 Rxb6 34. Bxb6 Nf4 35. Ba5 Ke6 36. Bc3 g6 37. b4 1-0

[Event "13. Bayer Open"]
[Site "Leverkusen"]
[Date "2015.03.23"]
[Round "7.17"]
[White "Scharff, Klaus"]
[Black "Witte, Volker"]
[Result "1-0"]
[WhiteElo "1857"]
[BlackElo "1669"]
[PlyCount "79"]
[EventDate "2015.??.??"]
[WhiteTeam "SV Opladen"]
[BlackTeam "SF Schlebusch"]

1. d4 Nf6 2. c4 g6 3. Nc3 Bg7 4. e4 d6 5. f4 O-O 6. Nf3 c5 7. d5 Na6 8. Be2 Bd7
9. O-O Nc7 10. e5 Ng4 11. h3 Nh6 12. g4 Kh8 13. Ne4 Ne8 14. Neg5 Qc8 15. Be3 f6
16. e6 fxg5 17. exd7 Qxd7 18. Nxg5 Nc7 19. Qd2 Nf7 20. Ne4 a6 21. Rab1 a5 22.
Kg2 b6 23. g5 Qa4 24. b3 Qd7 25. Bg4 Qe8 26. Rbd1 b5 27. h4 h5 28. Bh3 b4 29.
Qe2 a4 30. Ng3 axb3 31. axb3 Ra3 32. Qd3 Nd8 33. f5 Nf7 34. Qe2 Ne5 35. Nxh5
gxh5 36. g6 Rf6 37. Qxh5+ Kg8 38. Qh7+ Kf8 39. Bh6 Rxg6+ 40. fxg6+ 1-0

[Event "13. Bayer Open"]
[Site "Leverkusen"]
[Date "2015.03.23"]
[Round "7.18"]
[White "Grah, Ulrich"]
[Black "Boschek, Hans-Joachim"]
[Result "1-0"]
[WhiteElo "1816"]
[BlackElo "1838"]
[PlyCount "51"]
[EventDate "2015.??.??"]
[WhiteTeam "SG Solingen"]
[BlackTeam "SG Solingen"]

1. e4 c5 2. Nf3 e6 3. d4 cxd4 4. Nxd4 a6 5. Nc3 Qc7 6. Be3 Nf6 7. a3 b5 8. Bd3
Bb7 9. Qf3 b4 10. axb4 Bxb4 11. O-O Bxc3 12. bxc3 d5 13. e5 Qxe5 14. Bb5+ Nbd7
15. Bxd7+ Nxd7 16. Bf4 Qf6 17. Qg3 O-O 18. Rfe1 Rfe8 19. Rab1 Bc8 20. Nc6 Nc5
21. Bg5 Qg6 22. Ne7+ Rxe7 23. Bxe7 Ne4 24. Qc7 h5 25. Rb8 Rxb8 26. Qxb8 1-0

[Event "13. Bayer Open"]
[Site "Leverkusen"]
[Date "2015.03.23"]
[Round "7.19"]
[White "Schimpf, Rolf"]
[Black "Gnass, Arno"]
[Result "1/2-1/2"]
[WhiteElo "1710"]
[BlackElo "1664"]
[PlyCount "109"]
[EventDate "2015.??.??"]
[WhiteTeam "SC Bayer Leverkusen"]
[BlackTeam "TSV Bergisch Gladbach"]

1. c4 Nf6 2. Nc3 d5 3. d4 g6 4. cxd5 Nxd5 5. Nf3 Bg7 6. g3 O-O 7. Bg2 Nxc3 8.
bxc3 c5 9. e3 Qa5 10. Bd2 Qa6 11. Qe2 Re8 12. Qxa6 Nxa6 13. O-O Rb8 14. Rab1
Bf5 15. Rb2 Be4 16. Ne1 Bxg2 17. Kxg2 c4 18. e4 Nc7 19. Nf3 b5 20. Bf4 Rec8 21.
Rfb1 f5 22. exf5 gxf5 23. a4 a6 24. axb5 axb5 25. Bxc7 Rxc7 26. Rxb5 Rf8 27.
Ng5 Rc6 28. f4 h6 29. Nf3 Ra6 30. R5b4 Rc8 31. Rb8 Ra2+ 32. R1b2 Rxb8 33. Rxa2
Kf7 34. Nd2 Rc8 35. Ra4 Rb8 36. Kf3 Bxd4 37. cxd4 c3 38. Ra2 cxd2 39. Rxd2 Rb3+
40. Ke2 Ke6 41. Kf2 Kd5 42. Re2 e6 43. h3 h5 44. Re5+ Kd6 45. Re3 Rb2+ 46. Kf3
Rd2 47. g4 hxg4+ 48. hxg4 fxg4+ 49. Kxg4 Rxd4 50. Re5 Rd1 51. Kg5 Ke7 52. Ra5
Rg1+ 53. Kh6 Kf6 54. Kh5 Re1 55. Kg4 1/2-1/2

[Event "13. Bayer Open"]
[Site "Leverkusen"]
[Date "2015.03.23"]
[Round "7.20"]
[White "Gelsok, Philipp"]
[Black "Friedsam, Manfred"]
[Result "1/2-1/2"]
[WhiteElo "1894"]
[BlackElo "1754"]
[PlyCount "40"]
[EventDate "2015.??.??"]
[WhiteTeam "Bergische SF"]
[BlackTeam "Königsspringer Leverkusen"]

1. Nf3 e6 2. c4 d5 3. b3 Nf6 4. g3 b6 5. Bg2 Bb7 6. O-O Be7 7. Bb2 O-O 8. d3 c5
9. cxd5 exd5 10. Nbd2 Nc6 11. e3 Ba6 12. Ne1 Rc8 13. a3 Qd6 14. Qc2 Ng4 15. h3
Nge5 16. Ndf3 c4 17. bxc4 dxc4 18. Nxe5 Nxe5 19. Bxe5 Qxe5 20. Nf3 Qd6 1/2-1/2

[Event "13. Bayer Open"]
[Site "Leverkusen"]
[Date "2015.03.23"]
[Round "7.21"]
[White "Blumenthal, Ralf"]
[Black "Wrzesniak, Marek"]
[Result "1/2-1/2"]
[WhiteElo "1870"]
[BlackElo "1867"]
[PlyCount "67"]
[EventDate "2015.??.??"]
[WhiteTeam "SK Turm Euskirchen"]
[BlackTeam "BSW Opladen"]

1. Nf3 d5 2. g3 Nf6 3. Bg2 c5 4. d4 e6 5. O-O Nc6 6. b3 Qb6 7. e3 cxd4 8. exd4
Be7 9. Bb2 O-O 10. Nbd2 Bd7 11. c4 Rac8 12. a3 a5 13. Rc1 Rfd8 14. Re1 h6 15.
Ne5 Nxd4 16. cxd5 Rxc1 17. Bxc1 Nf5 18. Nec4 Qa6 19. dxe6 Bxe6 20. Qf3 b5 21.
Ne3 Nd4 22. Qb7 Qxb7 23. Bxb7 Nxb3 24. Nxb3 Bxb3 25. Bb2 Rd2 26. Bc3 Rd3 27.
Bxa5 Bxa3 28. Ba6 Ba4 29. Rb1 Nd5 30. Nf5 Bc2 31. Nxh6+ gxh6 32. Rxb5 Rb3 33.
Rxd5 Rb1+ 34. Bf1 1/2-1/2

[Event "13. Bayer Open"]
[Site "Leverkusen"]
[Date "2015.03.23"]
[Round "7.22"]
[White "Alexopoulos, Spiros Orestis"]
[Black "Eigemann, Julian"]
[Result "0-1"]
[WhiteElo "1789"]
[BlackElo "1977"]
[PlyCount "62"]
[EventDate "2015.??.??"]
[WhiteTeam "Aachener SV"]
[BlackTeam "SG Porz"]

1. c4 c5 2. Nc3 Nc6 3. g3 g6 4. Bg2 Bg7 5. e4 e6 6. Nge2 Nge7 7. O-O O-O 8. d3
a6 9. f4 d6 10. Be3 Nd4 11. Qd2 Nec6 12. Rab1 Rb8 13. Bf2 Qa5 14. Be1 b5 15. b3
Nb4 16. f5 exf5 17. Nf4 Bh6 18. Ncd5 Bxf4 19. Rxf4 Qxa2 20. Rb2 Qa3 21. Rh4
Nxd5 22. exd5 f6 23. Qh6 Rb7 24. Bc3 Qa1+ 25. Kf2 Re8 26. Rc2 Qd1 27. Rb2 Rbe7
28. Bxd4 Re2+ 29. Rxe2 Rxe2+ 30. Kf3 Re4+ 31. Kf2 Qe1+ 0-1

[Event "13. Bayer Open"]
[Site "Leverkusen"]
[Date "2015.03.23"]
[Round "7.23"]
[White "Kies, Werner"]
[Black "Depping, Thomas"]
[Result "1-0"]
[WhiteElo "1837"]
[BlackElo "1595"]
[PlyCount "95"]
[EventDate "2015.??.??"]
[WhiteTeam "SC Bayer Leverkusen"]
[BlackTeam "SF Düsseldorf-Süd"]

1. e4 c5 2. Nc3 a6 3. f4 d6 4. Nf3 Bg4 5. Be2 Nc6 6. d3 e6 7. O-O Nf6 8. h3
Bxf3 9. Bxf3 Nd4 10. b3 g6 11. Bb2 Bg7 12. Ne2 Nxf3+ 13. Rxf3 O-O 14. Ng3 Qd7
15. a4 b5 16. Qe1 d5 17. e5 Ne8 18. Ne2 f6 19. d4 fxe5 20. dxe5 Nc7 21. Qf2 Qe7
22. g4 Kh8 23. Ng3 Rg8 24. Kg2 b4 25. Rh1 a5 26. h4 Raf8 27. h5 gxh5 28. g5 d4
29. Rxh5 Nd5 30. Bc1 Qf7 31. Rh4 Qg6 32. Kf1 Ne7 33. Nh5 Nf5 34. Rhh3 Rd8 35.
Qe2 Rd5 36. Nf6 Bxf6 37. exf6 Re8 38. Rh2 Kg8 39. Rfh3 Qf7 40. Qc4 Red8 41.
Rxh7 Qxh7 42. Rxh7 Kxh7 43. Ke2 Kg6 44. Qa6 e5 45. Kd3 Ng3 46. fxe5 Rxe5 47.
f7+ Kxf7 48. Qf6+ 1-0

[Event "13. Bayer Open"]
[Site "Leverkusen"]
[Date "2015.03.23"]
[Round "7.24"]
[White "Domnick, Michael"]
[Black "Jiritschka, Wolfgang"]
[Result "1/2-1/2"]
[WhiteElo "1789"]
[BlackElo "1847"]
[PlyCount "35"]
[EventDate "2015.??.??"]
[WhiteTeam "TV Witzhelden"]
[BlackTeam "SC Bayer Leverkusen"]

1. d4 Nf6 2. c4 c5 3. d5 b5 4. cxb5 a6 5. bxa6 Bxa6 6. Nc3 d6 7. g3 g6 8. Bg2
Bg7 9. e4 Nbd7 10. f4 O-O 11. Nge2 Qb6 12. Qb3 Qxb3 13. axb3 Bxe2 14. Rxa8 Rxa8
15. Kxe2 Rb8 16. Kd3 Rxb3 17. Kc2 Rb4 18. Re1 1/2-1/2

[Event "13. Bayer Open"]
[Site "Leverkusen"]
[Date "2015.03.23"]
[Round "7.26"]
[White "Maczkowiak, Thomas"]
[Black "Becker, Johann"]
[Result "1-0"]
[WhiteElo "1804"]
[BlackElo "1449"]
[PlyCount "69"]
[EventDate "2015.??.??"]
[WhiteTeam "MS Halver-Schalksmühle"]
[BlackTeam "TV Witzhelden"]

1. g3 d5 2. Bg2 Nf6 3. Nf3 Bf5 4. c4 c6 5. b3 Nbd7 6. Bb2 e6 7. O-O Bd6 8. d3
O-O 9. Nbd2 Re8 10. Qc2 h6 11. a3 Qc7 12. b4 b6 13. Rfc1 Rac8 14. Nd4 Bg6 15.
cxd5 cxd5 16. Qxc7 Rxc7 17. Nb5 Rxc1+ 18. Rxc1 Bb8 19. Nb3 a6 20. Nc7 Bxc7 21.
Rxc7 e5 22. Bxd5 Bf5 23. Bb7 Nb8 24. Nd2 b5 25. Nb3 Nfd7 26. Bd5 Be6 27. Bxe6
Rxe6 28. Na5 f6 29. Bc1 Kh7 30. Rc8 e4 31. dxe4 Rxe4 32. Be3 Re6 33. Kf1 Kg6
34. Ke1 Kf5 35. Ba7 1-0

[Event "13. Bayer Open"]
[Site "Leverkusen"]
[Date "2015.03.23"]
[Round "7.27"]
[White "Elshani, Shaip"]
[Black "Mentzel, Markus"]
[Result "0-1"]
[WhiteElo "1581"]
[BlackElo "1799"]
[PlyCount "128"]
[EventDate "2015.??.??"]
[WhiteTeam "SC Bayer Leverkusen"]
[BlackTeam "SG Solingen"]

1. e4 g6 2. c3 Bg7 3. d4 d6 4. Bc4 e6 5. Nf3 Nd7 6. O-O Ne7 7. Bg5 h6 8. Be3 d5
9. exd5 exd5 10. Bd3 O-O 11. Qc2 Nf6 12. Nbd2 Bf5 13. Rae1 c6 14. Re2 Re8 15.
Rfe1 Qd6 16. Ne5 Bxd3 17. Qxd3 Nf5 18. Bf4 Qf8 19. g4 Nd6 20. h4 Re6 21. g5
Nfe4 22. f3 Nxd2 23. Qxd2 hxg5 24. hxg5 Rae8 25. Nd7 Rxe2 26. Rxe2 Rxe2 27.
Qxe2 Qd8 28. Ne5 Nf5 29. Ng4 Qe7 30. Qxe7 Nxe7 31. Kf2 Nf5 32. Bb8 a6 33. f4
Kf8 34. Ne5 Bxe5 35. dxe5 Ke7 36. Ke2 Kd7 37. Kd3 c5 38. b3 Kc6 39. a4 Ng7 40.
c4 Nf5 41. Ba7 Ng7 42. a5 Ne6 43. Ke3 Nd4 44. b4 Nf5+ 45. Kd3 cxb4 46. Bd4 Ng7
47. Bb2 Ne6 48. cxd5+ Kxd5 49. Ke3 Nd8 50. Kf3 Nc6 51. Kg4 Ke6 52. Kf3 Nxa5 53.
Ke4 Nc6 54. Kd3 b5 55. Bc1 a5 56. Bd2 Kd5 57. Kc2 a4 58. Kb2 Ke4 59. Ka2 Kf5
60. Kb2 b3 61. Ka3 Nd4 62. Bc1 Ne2 63. Bd2 Nxf4 64. Bxf4 Kxf4 0-1

[Event "13. Bayer Open"]
[Site "Leverkusen"]
[Date "2015.03.23"]
[Round "7.29"]
[White "Reif, Frank"]
[Black "Rahmen, Christian"]
[Result "1-0"]
[WhiteElo "1736"]
[BlackElo "1803"]
[PlyCount "61"]
[EventDate "2015.??.??"]
[WhiteTeam "TV Witzhelden"]
[BlackTeam "SG Porz"]

1. e4 c5 2. Nf3 d6 3. d4 cxd4 4. Nxd4 Nf6 5. Nc3 a6 6. Be2 e5 7. Nb3 Be7 8. O-O
Be6 9. f4 O-O 10. f5 Bd7 11. g4 Bc6 12. Bd3 d5 13. Qe2 dxe4 14. Nxe4 h6 15. Bd2
Qc7 16. h3 Nbd7 17. Rad1 Rac8 18. c3 b5 19. Ng3 Qb7 20. Bb1 Rfd8 21. h4 Nd5 22.
g5 hxg5 23. hxg5 Bd6 24. Ne4 Bc7 25. f6 Nf4 26. Bxf4 exf4 27. fxg7 Re8 28. Qh5
f5 29. g6 Kxg7 30. Qh7+ Kf8 31. Qf7# 1-0

[Event "13. Bayer Open"]
[Site "Leverkusen"]
[Date "2015.03.23"]
[Round "7.30"]
[White "Hartmann, Stephan"]
[Black "Lessing, Sebastian"]
[Result "0-1"]
[WhiteElo "1485"]
[BlackElo "1657"]
[PlyCount "106"]
[EventDate "2015.??.??"]
[WhiteTeam "SG Idstein"]
[BlackTeam "SC Bayer Leverkusen"]

1. c4 Nf6 2. Nc3 g6 3. g3 Bg7 4. Bg2 d6 5. d3 c6 6. Nf3 Bg4 7. e4 Nbd7 8. h3
Be6 9. Ng5 O-O 10. O-O Qb6 11. Rb1 Nh5 12. Be3 Qc7 13. Ne2 Nb6 14. Nxe6 fxe6
15. g4 Nf6 16. Nf4 Qd7 17. Qb3 c5 18. Qb5 e5 19. Qxd7 Nfxd7 20. Ne6 Rf6 21. Nc7
Rc8 22. Nd5 Nxd5 23. cxd5 Nf8 24. Rfc1 e6 25. b4 b6 26. bxc5 dxc5 27. d4 exd4
28. Bxd4 Rf7 29. e5 Rd8 30. dxe6 Nxe6 31. Ba1 Rd2 32. Rd1 Rfxf2 33. Rxd2 Rxd2
34. a4 Nf4 35. Bf1 Ne2+ 36. Kh1 Ng3+ 37. Kg1 Nxf1 38. Kxf1 Rh2 39. Re1 Rh1+ 40.
Ke2 Rxe1+ 41. Kxe1 Kf8 42. Ke2 Ke7 43. Ke3 Ke6 44. Ke4 a6 45. Bb2 b5 46. axb5
axb5 47. Ba3 b4 48. Bb2 c4 49. Bd4 c3 50. Bc5 c2 51. Be3 Bxe5 52. Kd3 b3 53.
Bc1 b2 0-1

[Event "13. Bayer Open"]
[Site "Leverkusen"]
[Date "2015.03.23"]
[Round "7.31"]
[White "Weirich, Ralf"]
[Black "Arnold, Bodo"]
[Result "0-1"]
[WhiteElo "1206"]
[BlackElo "1626"]
[PlyCount "50"]
[EventDate "2015.??.??"]
[WhiteTeam "TV Witzhelden"]
[BlackTeam "SF Schlebusch"]

1. e4 d6 2. d4 Nf6 3. Nc3 g6 4. Nf3 Bg7 5. Be2 Nc6 6. O-O O-O 7. Bf4 Nh5 8. Be3
e5 9. d5 Ne7 10. Ng5 Nf4 11. Qd2 Nxe2+ 12. Nxe2 h6 13. Nf3 g5 14. Ng3 f5 15.
Nh5 f4 16. h3 Qe8 17. Nxg7 Kxg7 18. Qc3 fxe3 19. Qxe3 Ng6 20. Nxg5 hxg5 21.
Qxg5 Qe7 22. Qg3 Qh4 23. Qc3 Rf7 24. Kh2 b6 25. Qg3 Ba6 0-1

[Event "13. Bayer Open"]
[Site "Leverkusen"]
[Date "2015.03.23"]
[Round "7.33"]
[White "Bosbach, Jens"]
[Black "Hegmann, Werner"]
[Result "1-0"]
[WhiteElo "1806"]
[BlackElo "1525"]
[PlyCount "57"]
[EventDate "2015.??.??"]
[WhiteTeam "Langenfelder SF"]
[BlackTeam "SV Opladen"]

1. d4 d5 2. Nf3 c6 3. e3 g6 4. c4 e6 5. Bd3 f5 6. Nbd2 Bg7 7. O-O Nh6 8. b4 a6
9. a4 dxc4 10. Bxc4 Bd7 11. Qb3 Qe7 12. Bb2 O-O 13. Ne5 Re8 14. f4 Nf7 15. Nxf7
Qxf7 16. Nf3 Kh8 17. Ne5 Qe7 18. Rf3 Bxe5 19. dxe5 b6 20. Rd1 b5 21. axb5 cxb5
22. Bf1 Bc6 23. Rf2 Bd5 24. Rxd5 exd5 25. Qxd5 Nd7 26. Rd2 Rad8 27. Qc6 Nb8 28.
e6+ Kg8 29. Qc3 1-0

[Event "13. Bayer Open"]
[Site "Leverkusen"]
[Date "2015.03.23"]
[Round "7.34"]
[White "Gutt, Oswald"]
[Black "Meyer, Stefan"]
[Result "1/2-1/2"]
[WhiteElo "1920"]
[BlackElo "1692"]
[PlyCount "52"]
[EventDate "2015.??.??"]
[WhiteTeam "Bergische SF"]
[BlackTeam "SV Grevenbroich"]

1. d4 Nf6 2. Nf3 e6 3. c4 Nc6 4. e3 Bb4+ 5. Nbd2 Ne4 6. a3 Nxd2 7. Nxd2 Be7 8.
Bd3 O-O 9. O-O d6 10. b4 Nb8 11. Qc2 h6 12. Bb2 Nd7 13. f4 c5 14. Rae1 b6 15.
Be4 Rb8 16. f5 Nf6 17. fxe6 fxe6 18. Bg6 Bb7 19. h3 Nd7 20. Be4 Rxf1+ 21. Rxf1
Bg5 22. Rf3 Nf6 23. Bxb7 Rxb7 24. Ne4 Nxe4 25. Qxe4 Qe7 26. d5 e5 1/2-1/2

[Event "13. Bayer Open"]
[Site "Leverkusen"]
[Date "2015.03.23"]
[Round "7.35"]
[White "Jacobi, Bernd"]
[Black "Pützkaul, Karl"]
[Result "0-1"]
[WhiteElo "1414"]
[BlackElo "1737"]
[PlyCount "56"]
[EventDate "2015.??.??"]
[WhiteTeam "Langenfelder SF"]
[BlackTeam "SC Bayer Leverkusen"]

1. d4 d5 2. c3 Nf6 3. Nf3 e6 4. Bg5 Be7 5. Bxf6 Bxf6 6. e3 Nd7 7. Nbd2 O-O 8.
Bd3 e5 9. dxe5 Nxe5 10. Nxe5 Bxe5 11. Nf3 Bf6 12. h4 g6 13. h5 Bg4 14. hxg6
fxg6 15. Be2 c6 16. Qa4 Bf5 17. Nh4 b5 18. Qf4 Be4 19. Qg4 Bxh4 20. Rxh4 Qf6
21. f3 Bf5 22. Qg3 Rae8 23. Qf2 Re7 24. O-O-O Rfe8 25. Bd3 Rxe3 26. Bxf5 Qxf5
27. Rg4 Re2 28. Re4 R8xe4 0-1

[Event "13. Bayer Open"]
[Site "Leverkusen"]
[Date "2015.03.23"]
[Round "7.37"]
[White "Ziabari, Morteza"]
[Black "van Kempen, Susanne"]
[Result "1-0"]
[WhiteElo "1792"]
[BlackElo "1521"]
[PlyCount "29"]
[EventDate "2015.??.??"]
[WhiteTeam "Kettwiger SG"]
[BlackTeam "SV Opladen"]

1. e4 e5 2. f4 d5 3. exd5 Qxd5 4. Nc3 Qd8 5. Nf3 exf4 6. d4 Bd6 7. Bc4 Bg4 8.
O-O Ne7 9. Bxf7+ Kf8 10. Bb3 Nbc6 11. Ne2 Bxf3 12. Rxf3 Na5 13. Nxf4 Qd7 14.
Ng6+ Ke8 15. Nxh8 1-0

[Event "13. Bayer Open"]
[Site "Leverkusen"]
[Date "2015.03.23"]
[Round "7.38"]
[White "Asadzade, Idris"]
[Black "Liebsch, Ulrich"]
[Result "0-1"]
[WhiteElo "1525"]
[BlackElo "1669"]
[PlyCount "76"]
[EventDate "2015.??.??"]
[WhiteTeam "SG Porz"]
[BlackTeam "SC Bayer Leverkusen"]

1. Nf3 c5 2. c4 Nc6 3. g3 e5 4. Nc3 Nf6 5. Bg2 d6 6. O-O Be7 7. e3 Bg4 8. Qc2
O-O 9. Ng5 h6 10. Nge4 Be6 11. Nxf6+ Bxf6 12. Ne4 Be7 13. a3 f5 14. Nc3 Bxc4
15. Rd1 Be6 16. Nd5 e4 17. Nxe7+ Qxe7 18. d3 d5 19. Bd2 Ne5 20. dxe4 fxe4 21.
Bc3 Nd3 22. Rd2 Rf7 23. Bf1 c4 24. Rb1 Raf8 25. Bxd3 exd3 26. Qd1 Qg5 27. Bb4
Rc8 28. Qf1 Bg4 29. Qg2 Qf5 30. Re1 Be2 31. Bc3 Bf3 32. Qf1 Rc6 33. h3 Rg6 34.
Kh2 Qe4 35. b3 h5 36. h4 Rb6 37. bxc4 dxc4 38. Rb1 Be2 0-1

[Event "13. Bayer Open"]
[Site "Leverkusen"]
[Date "2015.03.23"]
[Round "7.40"]
[White "Hoffmann, Michael"]
[Black "Longerich, Hans-Peter"]
[Result "1-0"]
[WhiteElo "1696"]
[BlackElo "1375"]
[PlyCount "53"]
[EventDate "2015.??.??"]
[WhiteTeam "SG Neuss"]
[BlackTeam "SC Bayer Leverkusen"]

1. d4 d5 2. c4 c6 3. Nc3 Nf6 4. e3 Bf5 5. cxd5 cxd5 6. Qb3 Bc8 7. Nf3 a6 8. Bd3
e6 9. Bd2 Nc6 10. Rc1 Bd6 11. O-O O-O 12. Na4 Nd7 13. Qc2 Nf6 14. h3 Bd7 15.
Nc5 Bxc5 16. Qxc5 Rc8 17. Qd6 Qc7 18. Qxc7 Rxc7 19. Ba5 Rcc8 20. Bb6 Rfe8 21.
Rc2 Ra8 22. Rfc1 Rec8 23. a3 Ne8 24. Nd2 Nd6 25. Nb3 Nd8 26. Rxc8 Rxc8 27. Rxc8
1-0

[Event "13. Bayer Open"]
[Site "Leverkusen"]
[Date "2015.03.23"]
[Round "7.41"]
[White "Kopernok, Ingo"]
[Black "Prößdorf, Lennard"]
[Result "1-0"]
[WhiteElo "1341"]
[BlackElo "1425"]
[PlyCount "77"]
[EventDate "2015.??.??"]
[WhiteTeam "SG Solingen"]
[BlackTeam "SC Bayer Leverkusen"]

1. d4 Nf6 2. Bf4 g6 3. Nf3 Bg7 4. e3 d6 5. Bc4 O-O 6. Nbd2 c5 7. dxc5 dxc5 8.
h3 Nc6 9. Qe2 Nh5 10. c3 Nxf4 11. exf4 e6 12. h4 Qa5 13. O-O Bd7 14. Ng5 e5 15.
h5 exf4 16. hxg6 hxg6 17. Qe4 Ne5 18. Qxf4 Nxc4 19. Qh4 Rfe8 20. Qh7+ Kf8 21.
Nxc4 Qa6 22. b3 Qf6 23. Qh4 Qxc3 24. Rad1 Be6 25. Nd6 Re7 26. Nh7+ Kg8 27. Qxe7
Kxh7 28. Nxb7 Qb4 29. Rd8 Rxd8 30. Nxd8 Qf4 31. Nxe6 fxe6 32. Qxa7 Kh6 33. Qxc5
Bd4 34. Qc2 e5 35. Re1 g5 36. Qc6+ Kh5 37. Qf3+ g4 38. Qxf4 exf4 39. Kf1 1-0

[Event "13. Bayer Open"]
[Site "Leverkusen"]
[Date "2015.03.23"]
[Round "7.42"]
[White "Seelig, Jochen"]
[Black "Hoeper, Heinz-Joachim"]
[Result "1/2-1/2"]
[WhiteElo "1307"]
[BlackElo "1523"]
[PlyCount "94"]
[EventDate "2015.??.??"]
[WhiteTeam "SF Schlebusch"]
[BlackTeam "Pulheimer SC"]

1. Nf3 c5 2. b3 Nc6 3. Bb2 d5 4. e3 Nf6 5. Bb5 a6 6. Bxc6+ bxc6 7. d3 e6 8.
Nfd2 Be7 9. Qe2 O-O 10. e4 h6 11. a4 Qc7 12. Na3 Re8 13. e5 Nd7 14. h4 Bb7 15.
f4 Nf8 16. h5 Nh7 17. O-O-O Qd7 18. Nf3 Rf8 19. Nh4 Qd8 20. Qf2 Qb6 21. Nb1 a5
22. Ba3 d4 23. Nd2 Qd8 24. Qg3 Kh8 25. Qg4 Qe8 26. Rh3 Rg8 27. Ne4 Qf8 28. Rg3
Bc8 29. Qh3 Bd7 30. Nf3 g5 31. hxg6 Rxg6 32. Rxg6 fxg6 33. g3 Rb8 34. Rh1 h5
35. Qh2 c4 36. Bxe7 Qxe7 37. dxc4 Qa3+ 38. Kd2 c5 39. Qe2 Bxa4 40. Rb1 Bxb3 41.
Rxb3 Rxb3 42. cxb3 Qb4+ 43. Kc2 a4 44. bxa4 Qxa4+ 45. Kc1 Qa1+ 46. Kd2 Qa5+ 47.
Kc2 Qa2+ 1/2-1/2

[Event "13. Bayer Open"]
[Site "Leverkusen"]
[Date "2015.03.23"]
[Round "7.43"]
[White "Ipekyilmaz, Tayfun"]
[Black "Rist, Kurt"]
[Result "1-0"]
[WhiteElo "1587"]
[BlackElo "1532"]
[PlyCount "95"]
[EventDate "2015.??.??"]
[WhiteTeam "Langenfelder SF"]
[BlackTeam "SG Solingen"]

1. e4 c5 2. f4 Nc6 3. Nc3 a6 4. Nf3 g6 5. a4 Bg7 6. Bc4 d6 7. O-O Nh6 8. Nd5
O-O 9. c3 e6 10. Ne3 Qb6 11. g4 Kh8 12. d3 Ng8 13. Qe1 Qd8 14. h4 Nce7 15. Qg3
Bd7 16. Rf2 Bc6 17. h5 b5 18. Ng5 bxc4 19. Nxh7 Kxh7 20. hxg6+ fxg6 21. Rh2+
Nh6 22. g5 Rh8 23. Ng4 Kg8 24. gxh6 Bf8 25. h7+ Kf7 26. Nh6+ Ke8 27. Ng8 Kd7
28. Nf6+ Kc7 29. dxc4 Bg7 30. e5 d5 31. Qf2 d4 32. cxd4 cxd4 33. Bd2 Nf5 34.
Ba5+ Kb7 35. Bxd8 Raxd8 36. Qd2 Rb8 37. Qb4+ Kc7 38. Qa5+ Kb7 39. Qc5 Bf8 40.
Qa5 Ka7 41. Qc7+ Bb7 42. Nd7 Rc8 43. Qb6+ Ka8 44. Qxe6 Rc6 45. Qe8+ Bc8 46.
Nxf8 Rxc4 47. Qxg6 Ne7 48. Qg7 1-0

[Event "13. Bayer Open"]
[Site "Leverkusen"]
[Date "2015.03.23"]
[Round "7.45"]
[White "Turp, Hüseyim"]
[Black "Balduan, Karl-Heinz"]
[Result "1-0"]
[WhiteElo "1582"]
[BlackElo "1510"]
[PlyCount "101"]
[EventDate "2015.??.??"]
[WhiteTeam "Oberhausener SV"]
[BlackTeam "Königsspringer Leverkusen"]

1. d4 d5 2. c4 c6 3. c5 Bf5 4. Bf4 Nd7 5. Nf3 e6 6. e3 Be7 7. Be2 Ngf6 8. h3
Ne4 9. O-O g5 10. Be5 f6 11. Bh2 Nf8 12. Ne1 g4 13. hxg4 Bg6 14. a4 a6 15. a5
Nd7 16. Nd3 Ng5 17. Nf4 Bf7 18. Nd2 e5 19. Nh5 Ne6 20. Nf3 Bxh5 21. gxh5 e4 22.
Nh4 Bf8 23. Nf5 h6 24. b4 Ng7 25. Nd6+ Bxd6 26. Bxd6 Nf5 27. Bf4 Nf8 28. Bg4
Ng7 29. Bd6 Nfe6 30. Bxe6 Nxe6 31. Qg4 Qd7 32. Qg6+ Qf7 33. f3 Qxg6 34. hxg6
Rg8 35. fxe4 Rxg6 36. exd5 cxd5 37. Rf5 Kf7 38. Rxd5 Rag8 39. Ra2 Ng5 40. Bf4
Ke6 41. Rd6+ Kf5 42. Rd7 R6g7 43. Rxg7 Rxg7 44. Bxg5 fxg5 45. Rc2 Rc7 46. d5 g4
47. d6 Rd7 48. Rc4 g3 49. Rf4+ Kg5 50. Re4 Kf6 51. Rg4 1-0